Movies Quiz

Random Movies or Actress Quiz

Actresses by 3 Roles Quiz Stats

Quiz Updated Sep 6, 2017

Challenge
Share
Tweet
Embed
Score 0/24 Timer 07:00
4 Plays Today
% Correct
Jennifer Lawrence
90.4%
Emma Watson
89.9%
Meryl Streep
79.3%
Judy Garland
77.3%
Elizabeth Taylor
75.1%
Anne Hathaway
74.5%
Natalie Portman
74.4%
Audrey Hepburn
72.1%
Zoe Saldana
70.8%
Vivien Leigh
69.9%
Amy Adams
66.5%
Scarlett Johansson
66%
% Correct
Mila Kunis
63.5%
Faye Dunaway
61.1%
Jessica Alba
61%
Charlize Theron
53.5%
Naomi Watts
51%
Emma Stone
49.2%
Megan Fox
48.4%
Vivica A. Fox
39.4%
Daryl Hannah
38%
Marilyn Monroe
37.3%
Kate Beckinsale
35%
Kerry Washington
32.3%

You're not logged in!

Compare scores with friends on all Sporcle quizzes.
Join for Free
OR
Log In

You Might Also Like...

Show Comments

Extras

Top Quizzes Today


Score Distribution

Your Account Isn't Verified!

In order to create a playlist on Sporcle, you need to verify the email address you used during registration. Go to your Sporcle Settings to finish the process.

Report this User

Report this user for behavior that violates our Community Guidelines.

Details: